| 000 | 00652nam a2200217 a 4500 | ||
|---|---|---|---|
| 005 | 20240924063927.0 | ||
| 008 | 991125s1978 es 000 0 spa u | ||
| 020 | _a8432993085 | ||
| 035 | _aUPN01000005744 | ||
| 049 | _aCG | ||
| 050 | 4 |
_aLB1028 _bB5.9 |
|
| 245 | 0 | 0 |
_aBilingüismo y biculturalismo / _cKarmele Atucha Zamalloa ... [et al.]. |
| 260 |
_aBarcelona, Esp. : _bCEAC, _c1978. |
||
| 300 | _a306 p. | ||
| 440 | 0 |
_aEducación y enseñanza. _pMonografías |
|
| 650 | 4 |
_aEducación _xInvestigación _94070 |
|
| 650 | 4 |
_aEducación _zEspaña _96843 |
|
| 650 | 4 |
_aBilingüismo _93945 |
|
| 700 | 1 |
_aAtucha Zamalloa, Karmele, _ecoaut. |
|
| 905 | _aLibro | ||
| 999 |
_c5744 _d5744 |
||